| 000 | 00398nam a22001457a 4500 | ||
|---|---|---|---|
| 082 |
_a297.648 _bHAY |
||
| 245 |
_aHayat sayyidina Abu Talib / _ctartib Muhammad Zaman Saeedi Rizvi |
||
| 260 |
_aPakistan: _bMadina Foundation; _c- |
||
| 300 | _a98p. | ||
| 563 | _aPB | ||
| 650 |
_aBiography _9461 |
||
| 650 |
_aCompanion _9118631 |
||
| 700 |
_aMuhammad Zaman Saeedi Rizvi _9119672 |
||
| 942 |
_2ddc _cBK |
||
| 999 |
_c606814 _d606814 |
||